|
|
|
|
| LEADER |
01571nam a22002777a 4500 |
| 001 |
30532 |
| 003 |
BD-DhAAL |
| 005 |
20250625161329.0 |
| 008 |
150906s2010 bg a|||| |||| 00| 0 eng d |
| 040 |
|
|
|a BD-DhAAL
|c BD-DhAAL
|
| 082 |
|
|
|a 307.1412095492
|2 22
|
| 245 |
|
|
|a BRAC Liberia :
|k annual report,
|f 2009.
|b realising potential /
|
| 264 |
|
|
|a Dhaka :
|b BRAC,
|c 2010.
|
| 300 |
|
|
|a 59 pages :
|b color illustrations, maps ;
|c 28 cm.
|
| 526 |
|
|
|a BRAC
|
| 541 |
|
|
|a RED,BRAC
|e 30532, 30681, 32794.
|
| 610 |
|
|
|a BRAC
|9 14405
|
| 650 |
|
|
|a Rural development
|z Bangladesh.
|9 14406
|
| 710 |
|
|
|a BRAC
|9 14405
|
| 852 |
|
|
|a Ayesha Abed Library
|c BRAC Resource Section
|
| 942 |
|
|
|2 ddc
|c BK
|
| 999 |
|
|
|c 36233
|d 36233
|
| 952 |
|
|
|0 0
|1 0
|2 ddc
|4 0
|6 307_141209549200000_BRA
|7 1
|8 RPT
|9 56974
|a BRACUL
|b BRACUL
|c BRS
|d 2015-11-19
|e RED, BRAC
|l 0
|o 307.1412095492 BRA
|p 3010030532
|r 2015-11-19
|t 1
|w 2015-11-19
|y BK
|x RED, BRAC; Price not available in register.
|
| 952 |
|
|
|0 0
|1 0
|2 ddc
|4 0
|6 307_141209549200000_BRA
|7 1
|8 RPT
|9 57110
|a BRACUL
|b BRACUL
|c BRS
|d 2015-12-01
|e RED, BRAC
|l 0
|o 307.1412095492 BRA
|p 3010030681
|r 2015-12-01
|t 3
|w 2015-12-01
|y BK
|x RED, BRAC; Price not available in register.
|
| 952 |
|
|
|0 0
|1 0
|2 ddc
|4 0
|6 307_141209549200000_BRA
|7 1
|8 RPT
|9 57375
|a BRACUL
|b BRACUL
|c BRS
|d 2015-12-27
|e RED, BRAC
|l 0
|o 307.1412095492 BRA
|p 3010030680
|r 2015-12-27
|t 2
|w 2015-12-27
|y BK
|x RED, BRAC; price not available in register
|
| 952 |
|
|
|0 0
|1 0
|2 ddc
|4 0
|6 307_141209549200000_BRA
|7 1
|8 RPT
|9 63351
|a BRACUL
|b BRACUL
|c BRS
|d 2015-12-01
|e BRAC
|l 0
|o 307.1412095492 BRA
|p 3010032794
|r 2018-05-21
|t 4
|w 2015-12-01
|y BK
|x BRAC ; price not available in register
|